Statistics for Football Players Clubs #2

Click here to take the quiz!

General Stats

  • This quiz has been taken 46 times
  • The average score is 14 of 34

Answer Stats

Hint Answer % Correct
Cristiano RonaldoManchester United
100%
Cristiano RonaldoSporting CP
89%
Arjen RobbenReal Madrid
81%
Arjen RobbenChelsea FC
78%
Jérôme BoatengBayern Munich
69%
Christian EriksenAFC Ajax
61%
Sami Khedira
61%
Arjen RobbenPSV Eindhoven
58%
Alexis Sanchez
58%
Alexis SanchezArsenal FC
58%
Mario Balotelli2015-
56%
Mario Balotelli2014-
56%
Claudio Bravo
53%
Joao MirandaInter Milan
50%
Joao MirandaAtletico Madrid
47%
Mario Balotelli2013-14
36%
Jérôme BoatengManchester City
33%
Sami KhediraVfB Stuttgart
33%
Edinson Cavani
31%
Edinson CavaniParis SG
31%
Mario Balotelli2010-13
25%
Mario Balotelli2007-10
22%
Jérôme BoatengHamburger SV
22%
Ander Herrera
19%
Konstantinos Mitroglou
17%
Edinson CavaniUS Palermo
17%
Konstantinos MitroglouFulham FC
17%
Konstantinos MitroglouOlympiacos
17%
Ander HerreraAthletic Bilbao
17%
Konstantinos MitroglouOlympiacos
14%
Jérôme BoatengHertha BSC
11%
Joao MirandaFC Sochaux
8%
Mario Balotelli2005-06
6%
Ander HerreraReal Zaragoza
6%

Score Distribution

Percentile by Number Answered

Percent of People with Each Score

Your Score History

You have not taken this quiz